00368nam a2200145 a 450000500170000000800410001705000120005810000160007024500180008626000370010430000330014144000260017465000160020065000060021620140414132112.0100823s19uu xx 00 eng d aVCDbY7 aLucado, Max aYou are mine. aNew York :bTommy Nelson,c2005. aApr 35 mins / Color / Stereo aMax Lucado's Wemmicks aContentment a